Reengineering the training function : How to align training with the new corporate agenda

Bibliographic Details
Main Author: Shandler, Donald
Format: Book
Published: Florida : St Lucie Press , 1996
Subjects:

MARC

LEADER 00000cam a2200000 7i4500
001 0000005780
005 20050420.0
020 |a 1574440185 
040 |a INS 
090 0 0 |a HF5549.5.T7   |b S5283 1996 
100 1 |a Shandler, Donald 
245 1 0 |a Reengineering the training function :   |b How to align training with the new corporate agenda   |c Donald Shandler 
260 |a Florida :   |b St Lucie Press ,   |c 1996 
300 |a 281 p. 
650 0 0 |a Employees   |x Training of 
650 0 0 |a Training 
650 0 0 |a Training function 
999 |a 0000006492   |b BOOK   |c Open Shelf   |e Default branch